| 000 | 01148cam a2200313 a 4500 | ||
|---|---|---|---|
| 001 | 14845163 | ||
| 003 | OSt | ||
| 005 | 20230606091310.0 | ||
| 008 | 070510s2006 ug b 000 0 eng | ||
| 010 | _a 2007383310 | ||
| 020 | _a9966957057 | ||
| 040 |
_aDLC _cDLC _dDLC |
||
| 042 | _alcode | ||
| 043 | _afe----- | ||
| 082 |
_a354.9676 _bPET |
||
| 245 | 0 | 0 |
_aPolitical succession in East Africa : _bin search for a limited leadership / _cedited by Chris Maina Peter and Fritz Kopsieker. |
| 260 |
_aNairobi, Kenya : _bFriedrich Ebert Stiftung, Kenya Office ; _aKampala, Uganda : _bKituo Cha Katiba, _c[2006] |
||
| 300 |
_axx, 150 p. ; _c21 cm. |
||
| 500 | _a"May, 2006." | ||
| 504 | _aIncludes bibliographical references (p. 137-150). | ||
| 650 | 0 |
_aHeads of state _xSuccession _zAfrica, East. |
|
| 651 | 0 |
_aAfrica, East _xPolitics and government. |
|
| 700 | 1 |
_aPeter, Chris Maina, _d1954- |
|
| 700 | 1 | _aKopsieker, Fritz. | |
| 856 | 4 | 1 |
_3Table of contents only _uhttp://www.loc.gov/catdir/toc/fy0803/2007383310.html |
| 906 |
_a7 _bcbc _corigode _d3 _encip _f20 _gy-gencatlg |
||
| 942 |
_2ddc _cBK |
||
| 999 |
_c517 _d517 |
||